[Event "Ardennes-ch 0102"]
[Site "Ardennes"]
[Date "2001.??.??"]
[Round "?"]
[White "Hacene, Ahmed"]
[Black "Dhaussy, Adrien"]
[Result "1-0"]
[WhiteElo "1920"]
[BlackElo "1710"]
[PlyCount "55"]
[EventDate "2001.??.??"]
[EventType "swiss"]
[EventRounds "9"]
[EventCountry "FRA"]
[SourceTitle "EXT 2008"]
[Source "ChessBase"]
[SourceDate "2007.11.25"]
[SourceVersion "1"]
[SourceVersionDate "2007.11.25"]
[SourceQuality "1"]

1. e4 c5 2. c3 d5 3. e5 Bf5 4. d4 e6 5. Bd3 Bxd3 6. Qxd3 Qb6 7. Nf3 Nc6 8. 0-0 cxd4 9. cxd4 Nge7 10. a3 Na5 11. b4 Nc4 12. Nbd2 Rc8 13. Nb3 Qc7 14. Ra2 a5 15. Rc2 axb4 16. axb4 Nc6 17. Bd2 Bxb4 18. Bc1 0-0 19. Ng5 g6 20. Qh3 h5 21. g4 Qe7 22. gxh5 gxh5 23. f4 f5 24. Qxh5 Rf7 25. Nxf7 Qxf7 26. Rg2+ Kf8 27. Qh8+ Ke7 28. Qxc8 1-0